Library Logo

Pioneer International University Library Catalogue

A second touch (Record no. 5424)

MARC details
000 -LEADER
fixed length control field 00276nam a22000977a 4500
005 - DATE AND TIME OF LATEST TRANSACTION
control field 20250901165531.0
008 - FIXED-LENGTH DATA ELEMENTS--GENERAL INFORMATION
fixed length control field 210602b |||||||| |||| 00| 0 eng d
050 ## - LIBRARY OF CONGRESS CALL NUMBER
Classification number BV4501.2 .M55 1967
245 ## - TITLE STATEMENT
Title A second touch
Statement of responsibility, etc. MILLER, KEITH
942 ## - ADDED ENTRY ELEMENTS (KOHA)
Source of classification or shelving scheme Library of Congress Classification
Classification part BV4501.2 .M55 1967
Holdings
Withdrawn status Lost status Source of classification or shelving scheme Damaged status Not for loan Home library Current library Shelving location Date acquired Total checkouts Full call number Barcode Date last seen Price effective from Koha item type
    Library of Congress Classification     Main Library Main Library   06/02/2021   BV4501.2 .M55 1967 PIU0003209 06/02/2021 06/02/2021 Books